| 000 | 00805nam a2200313Ia 4500 | ||
|---|---|---|---|
| 005 | 20251020182536.0 | ||
| 008 | 200515s9999 xx 000 0 und d | ||
| 020 | _a978-84-9801-579-9 | ||
| 082 | _a720/M89 | ||
| 100 | _aMoxon, Sian | ||
| 245 | 0 | _aSostenibilidad en interiorismo | |
| 260 | _aBarcelona | ||
| 260 | _bBlume | ||
| 260 | _c2012 | ||
| 300 | _a192 p. | ||
| 300 | _bil. | ||
| 500 | _a1 ejemplar | ||
| 520 | _aGuía que explica de forma sencilla todo lo que el interiorista necesita saber para específicar interiores sostenibles | ||
| 650 | _aAGUA | ||
| 650 | _aDISEÑO DE INTERIORES | ||
| 650 | _aDISEÑO SOSTENIBLE | ||
| 650 | _aENERGIA | ||
| 650 | _aMATERIALES | ||
| 650 | _aSOSTENIBILIDAD | ||
| 942 | _cLIB | ||
| 999 |
_c2253 _d2253 |
||